| 000 | 00363cam a2200133ua 4500 | ||
|---|---|---|---|
| 999 |
_c14808 _d14808 |
||
| 020 | _a9789385880629 | ||
| 082 |
_a621.374 _bNAK/IN |
||
| 100 |
_aNakra , B.C . _92003 |
||
| 245 | _aInstrumentation measurement and analysis / | ||
| 250 | _a4th | ||
| 260 |
_aNew Delhi : _bMc-Graw Hill Publishing Company , _c2017 |
||
| 700 | 1 |
_aChaudhry , K.K . _92004 |
|
| 942 | _cBK | ||